01178nam a2200193Ia 4500001001000000003001000010008004100020040002500061041001300086100002700099245007000126250001100196260008200207300002700289500026000316501011400576520026000690650003400950L235-9077IT-CnALBA170116s9999||||xx |||||||||||||| ||und|| aIT-CnALBAcIT-CnALBA aITALIANO aALESSI GIUSEPPE, MONS. 0aVITA DEL BEATO GREGORIO BARBARIGO. VESCOVO DI PADOVA. CARDINALE.  a1a ed. a PADOVAbSEMINARIO TIPOGRAFIA c1897 [1° Ed.:1897 - Ed.Ling.Originale: 1897] a286 p. (prefazione: 5) aSECONDO CENTENARIO DELLA MORTE DEL BEATO: 1897. ILLUSTRAZIONI NEL TESTO. LA FAMIGLIA. STUDI EDUCAZIONE VOCAZIONE. SACERDOZIO. PRELATO A ROMA. BERGAMO. CARDINALE E VESCOVO A PADOVA. SEMINARIO. BIBLIOTECA E TIPOGRAFIA. PADRE DEI POVERI. RIFORMA DEL CLERO. B aSocietà San Paolo EM - Piazza San Paolo, 14 - 12051 ALBA (CN) (non commercial uses only) ® Copyright 2017 aSECONDO CENTENARIO DELLA MORTE DEL BEATO: 1897. ILLUSTRAZIONI NEL TESTO. LA FAMIGLIA. STUDI EDUCAZIONE VOCAZIONE. SACERDOZIO. PRELATO A ROMA. BERGAMO. CARDINALE E VESCOVO A PADOVA. SEMINARIO. BIBLIOTECA E TIPOGRAFIA. PADRE DEI POVERI. RIFORMA DEL CLERO. B aMARIA SS. ANGELI SANTI DEMONI